| Поле | Инд. | ПП | Название | Значение |
|---|---|---|---|---|
| Тип записи | a | |||
| Библиографический уровень | m | |||
| 001 | Контрольный номер | 6eace3d1-7d28-44bb-b9e9-e204308813b0 | ||
| 005 | Дата корректировки | 20140226114049.5 | ||
| 008 | Кодируемые данные | 990114 d | ||
| 020 | a | ISBN | 5-7644-064-1 | |
| c | Цена, тираж | 10.00 | ||
| 080 | a | Индекс УДК | 640.1 | |
| 084 | a | Индекс другой классификации/Индекс ББК | М79 | |
| 090 | x | Авторский знак | Д66 | |
| a | Полочн. индекс | М79 | ||
| 245 | 00 | a | Заглавие | Домоводство для всех |
| c | Ответственность | Ред.-сост. Г. Воробьева | ||
| 260 | 0_ | a | Место издания | Ставрополь |
| c | Дата издания | 1992 | ||
| 300 | a | Объем | 269,[2] с. | |
| b | Иллюстрации/ тип воспроизводства | ил. | ||
| 650 | a | Основная рубрика | Домоводство | |
| 653 | a | Ключевые слова | Домоводство | |
| 700 | 1_ | a | Другие авторы | Воробьева Г. |
| e | Роль лиц | ред.-сост. | ||
| 852 | t | Порядковый номер экземпляра | 1 | |
| p | Инвентарный номер | 636025 | ||
| 954 | a | Дата поступления на обработку | 19930201 | |
| a | Дата поступления на обработку | 19930201 | ||
| 999 | a | Подразделение 2 | кх. |